000 01196nam a2200181Ia 4500
008 100921s9999 xx 000 0 und d
082 _b33078
_a110 थ 99
100 _aजगताप दिनकर राजाराम.
245 _aविपश्यना ध्यान साधना आणि योगासने व प्राणायाम (अष्टांगयोग साधना).
260 _bजिजामाता योग प्रकाशन, सातारा.
_c1999
300 _a320
_bजिजामाता योग प्रकाशन,सातारा
365 _b200
520 _aतत्वज्ञान-अध्यात्मशास्त्र.
630 _aविपश्यना ध्यान साधना आणि योगासने व प्राणायाम (अष्टांगयोग साधना).
650 _aतत्वज्ञान-अध्यात्मशास्त्र.
730 _aविपश्यना ध्यान साधना आणि योगासने व प्राणायाम (अष्टांगयोग साधना).
942 _cBOOK
999 _c782191
_d782188